<?xml version="1.0" encoding="UTF-8"?><?xml-stylesheet type="text/xsl" href="static/style.xsl"?><OAI-PMH xmlns="http://www.openarchives.org/OAI/2.0/" xmlns:xsi="http://www.w3.org/2001/XMLSchema-instance" xsi:schemaLocation="http://www.openarchives.org/OAI/2.0/ http://www.openarchives.org/OAI/2.0/OAI-PMH.xsd"><responseDate>2026-04-17T21:25:02Z</responseDate><request verb="GetRecord" identifier="oai:www.recercat.cat:10256/13744" metadataPrefix="marc">https://recercat.cat/oai/request</request><GetRecord><record><header><identifier>oai:recercat.cat:10256/13744</identifier><datestamp>2024-10-29T20:41:55Z</datestamp><setSpec>com_2072_452955</setSpec><setSpec>com_2072_2054</setSpec><setSpec>col_2072_453063</setSpec></header><metadata><record xmlns="http://www.loc.gov/MARC21/slim" xmlns:dcterms="http://purl.org/dc/terms/" xmlns:xsi="http://www.w3.org/2001/XMLSchema-instance" xmlns:doc="http://www.lyncode.com/xoai" xsi:schemaLocation="http://www.loc.gov/MARC21/slim http://www.loc.gov/standards/marcxml/schema/MARC21slim.xsd">
   <leader>00925njm 22002777a 4500</leader>
   <datafield ind2=" " ind1=" " tag="042">
      <subfield code="a">dc</subfield>
   </datafield>
   <datafield ind2=" " ind1=" " tag="720">
      <subfield code="a">Isern Sardó, Neus</subfield>
      <subfield code="e">author</subfield>
   </datafield>
   <datafield ind2=" " ind1=" " tag="720">
      <subfield code="a">Zilhão, João</subfield>
      <subfield code="e">author</subfield>
   </datafield>
   <datafield ind2=" " ind1=" " tag="720">
      <subfield code="a">Fort, Joaquim</subfield>
      <subfield code="e">author</subfield>
   </datafield>
   <datafield ind2=" " ind1=" " tag="720">
      <subfield code="a">Ammerman, Albert J.</subfield>
      <subfield code="e">author</subfield>
   </datafield>
   <datafield ind2=" " ind1=" " tag="260">
      <subfield code="c">info:eu-repo/date/embargoEnd/2026-01-01</subfield>
   </datafield>
   <datafield ind2=" " ind1=" " tag="260">
      <subfield code="c">2017-01-31</subfield>
   </datafield>
   <datafield ind2=" " ind1=" " tag="520">
      <subfield code="a">The earliest dates for the West Mediterranean Neolithic indicate that it expanded across 2,500 km in about 300 y. Such a fast spread is held to be mainly due to a demic process driven by dispersal along coastal routes. Here, we model the Neolithic spread in the region by focusing on the role of voyaging to understand better the core elements that produced the observed pattern of dates. We also explore the effect of cultural interaction with Mesolithic populations living along the coast. The simulation study shows that (i) sea travel is required to obtain reasonable predictions, with a minimum sea-travel range of 300 km per generation; (ii) leapfrog coastal dispersals yield the best results (quantitatively and qualitatively); and (iii) interaction with Mesolithic people can assist the spread, but long-range voyaging is still needed to explain the archaeological pattern</subfield>
   </datafield>
   <datafield ind2=" " ind1=" " tag="520">
      <subfield code="a">This work has been partially funded by Ministerio de Economía, Industria y Competitividad (Grants SimulPast-CSC-2010-00034, FIS-2012-31307, and FIS-2016-80200-P), Fundación Banco Bilbao Vizcaya Argentaria (Grant NeoDigit-PIN2015E), and an Academia award from the Catalan Institution for Research and Advanced Studies (to J.F.)</subfield>
   </datafield>
   <datafield tag="653" ind2=" " ind1=" ">
      <subfield code="a">Neolític -- Models matemàtics</subfield>
   </datafield>
   <datafield tag="653" ind2=" " ind1=" ">
      <subfield code="a">Neolithic period -- Mathematical models</subfield>
   </datafield>
   <datafield tag="653" ind2=" " ind1=" ">
      <subfield code="a">Difusió cultural -- Models matemàtics</subfield>
   </datafield>
   <datafield tag="653" ind2=" " ind1=" ">
      <subfield code="a">Culture diffusion -- Mathematical models</subfield>
   </datafield>
   <datafield ind2="0" ind1="0" tag="245">
      <subfield code="a">Modeling the role of voyaging in the coastal spread of the Early Neolithic in the West Mediterranean</subfield>
   </datafield>
</record></metadata></record></GetRecord></OAI-PMH>